| 000 | 00751nam a2200181 i 4500 | ||
|---|---|---|---|
| 001 | 86386 | ||
| 003 | ES-MaACL | ||
| 005 | 20230906175433.0 | ||
| 007 | t| | ||
| 008 | 041209s1954 sp ||||1| spa d | ||
| 100 | 1 |
_aKarman, Theodore von. _967569 |
|
| 245 | 1 | 0 |
_aAerodinámica _b: temas seleccionados a la luz de su desarrollo histórico / _cpor Theodore von Karman ; versión española de Antonio Pérez-Marín. |
| 260 |
_aMadrid : _bInstituto Nacional de Técnica Aeronáutica Esteban Terradas, _c[1954] ( _fImp. Ministerio del Aire) |
||
| 300 |
_aXIII, 214 p., 3 lám. : _bil. ; _c23 cm. |
||
| 700 | 1 |
_aPérez-Marín, Antonio. _990997 |
|
| 710 | 2 |
_aInstituto Nacional de Técnica Aeroespacial (España) _95191 |
|
| 852 |
_aES-MaACL _jC-8304 _bR.36603 |
||
| 999 |
_c86386 _d86386 |
||